Statistics for Subdivisions of Canada, Mexico and the U.S. on a Map

Click here to take the quiz!

General Stats

  • This quiz has been taken 1,068 times
  • The average score is 80 of 97

Answers on the Map

Answers color-coded by a green-red scale on the quiz's map according to % correct below.
 

Answer Stats

CountryTypeAnswer% Correct
United StatesStateAlaska
93%
United StatesStateCalifornia
93%
United StatesDistrictDistrict of Columbia
93%
United StatesStateFlorida
93%
United StatesStateArizona
92%
MexicoStateBaja California
92%
United StatesStateColorado
92%
United StatesStateGeorgia
92%
United StatesStateIdaho
92%
United StatesStateLouisiana
92%
United StatesStateMaine
92%
United StatesStateMichigan
92%
United StatesStateMontana
92%
United StatesStateNevada
92%
United StatesStateNew Mexico
92%
United StatesStateNew York
92%
United StatesStateOregon
92%
CanadaProvinceQuebec
92%
United StatesStateTexas
92%
United StatesStateWashington
92%
United StatesStateWyoming
92%
United StatesStateAlabama
91%
United StatesStateIllinois
91%
United StatesStateKentucky
91%
United StatesStateMaryland
91%
United StatesStateMississippi
91%
United StatesStateNew Jersey
91%
United StatesStateNorth Dakota
91%
United StatesStateOhio
91%
United StatesStateOklahoma
91%
United StatesStatePennsylvania
91%
United StatesStateSouth Dakota
91%
United StatesStateUtah
91%
United StatesStateVermont
91%
United StatesStateArkansas
90%
United StatesStateDelaware
90%
United StatesStateIndiana
90%
United StatesStateIowa
90%
United StatesStateKansas
90%
United StatesStateMassachusetts
90%
United StatesStateMissouri
90%
United StatesStateNew Hampshire
90%
United StatesStateNorth Carolina
90%
CanadaProvinceOntario
90%
United StatesStateRhode Island
90%
United StatesStateSouth Carolina
90%
United StatesStateTennessee
90%
United StatesStateVirginia
90%
United StatesStateWest Virginia
90%
CanadaProvinceAlberta
89%
United StatesStateConnecticut
89%
United StatesStateMinnesota
89%
United StatesStateNebraska
89%
United StatesStateWisconsin
89%
CanadaProvinceBritish Columbia
88%
MexicoStateMéxico
88%
MexicoDistrictMexico City
88%
CanadaProvinceNewfoundland and
Labrador
88%
CanadaTerritoryYukon
87%
CanadaTerritoryNunavut
85%
CanadaProvincePrince Edward Island
85%
CanadaProvinceManitoba
84%
CanadaTerritoryNorthwest Territories
84%
CanadaProvinceSaskatchewan
84%
MexicoStateChihuahua
83%
CanadaProvinceNova Scotia
83%
CanadaProvinceNew Brunswick
82%
United StatesTerritoryPuerto Rico
82%
MexicoStateYucatán
82%
MexicoStateBaja California Sur
80%
MexicoStateSonora
77%
MexicoStateOaxaca
73%
MexicoStateVeracruz
72%
MexicoStateNuevo León
70%
MexicoStateSinaloa
69%
MexicoStateDurango
68%
MexicoStateTabasco
68%
MexicoStateChiapas
67%
MexicoStateJalisco
67%
MexicoStatePuebla
67%
MexicoStateQuintana Roo
67%
MexicoStateAguascalientes
65%
MexicoStateCoahuila
65%
MexicoStateGuerrero
63%
MexicoStateTamaulipas
63%
MexicoStateSan Luis Potosí
62%
MexicoStateCampeche
61%
MexicoStateColima
61%
MexicoStateZacatecas
61%
MexicoStateHidalgo
60%
MexicoStateNayarit
60%
MexicoStateMichoacán
59%
MexicoStateMorelos
58%
MexicoStateQuerétaro
57%
MexicoStateTlaxcala
57%
MexicoStateGuanajuato
56%
United StatesTerritoryUnited States Virgin Islands
56%

Score Distribution

Percentile by Number Answered

Percent of People with Each Score

Your Score History

You have not taken this quiz